| 000 | 01108nam a2200277 i 4500 | ||
|---|---|---|---|
| 003 | IT-RoINE | ||
| 005 | 20230417140601.0 | ||
| 008 | 011026s2001 sp | r ||1 | spa d | ||
| 020 | _a8473924789 | ||
| 040 |
_aSpMaBN _cSpMaBN IT-RoINE |
||
| 100 | 1 |
_92769 _aTellechea Idígoras, José Ignacio, _d1928-2008 |
|
| 245 | 1 | 3 |
_aEl ocaso de un rey : _bFelipe II visto desde la nunciatura de Madrid : 1594-1598 / _cJ. Ignacio Tellechea Idígoras. |
| 260 |
_aMadrid : _bFundación Universitaria Española, _c2001. |
||
| 300 |
_a351 p. ; _c24 cm. |
||
| 336 |
_2rdacontent _atext |
||
| 337 |
_2rdamedia _aunmediated |
||
| 338 |
_2rdacarrier _avolume |
||
| 490 | 1 |
_aMonografías ; _v79 |
|
| 500 | _aIncluye índice. | ||
| 600 | 0 | 0 |
_aFelipe _bII, _cRey de España, _d1527-1598 _99965 |
| 610 | 2 | 4 |
_99954 _aIglesia Católica _xRelaciones diplomáticas _zEspaña _ySiglo 16o. |
| 651 | 0 |
_99955 _aEspaña _xRelaciones diplomáticas _xIglesia Católica _ySiglo 16o. |
|
| 651 | 4 |
_923063 _aEspaña _xHistoria _y1556-1598 (Felipe II) _xFuentes |
|
| 830 | 0 |
_92631 _aMonografías (Fundación Universitaria Española) ; _v79 |
|
| 942 | _cMTS | ||
| 999 |
_c11278 _d11278 |
||